01226nam a2200361 i 450000100060000000300080000600500170001400600190003100700150005000800410006502000180010602000280012403500220015204000310017405000210020508000140022608200120024010000250025224500500027726400590032730000410038633600290042733700330045633800390048949000390052850400290056758800830059665000350067965000200071465500270073483000400076185600630080123205FINmELB20241216214052.0m o u cr cn|||||||||200110s2018 mx ob 000 0 spa d z9786071659392 a9786071661074q(e-book) a(OCoLC)1139482412 aFINmELBbspaerdacFINmELB14aBD450bD277 2018 a159.956.204a1262231 aDíaz, José Luis.13aLa conciencia viviente /cJosé Luis Díaz. 1aMéxico, D.F. :bFondo de Cultura Económica,c2018. a1 recurso en línea (597 páginas) atextobtxt2rdamedia/spa acomputadorabc2rdamedia/spa arecurso en línea2rdacarrier/spa1 aColección ciencia y tecnología aContiene bibliografía. aDescripción basada en metadatos suministrados por el editor y otras fuentes. 0aSelf-consciousness (Awareness) 4aAutoconciencia. 4aLibros electrónicos. 0aColección ciencia y tecnología.40uhttps://elibro.net/ereader/politecnicointernacional/109841